AH International Schools' Libraries

Lead the Way: 10 Inspiring Women of God (Record no. 49120)

MARC details
000 -LEADER
fixed length control field 00396nam a22001217a 4500
008 - FIXED-LENGTH DATA ELEMENTS--GENERAL INFORMATION
fixed length control field 250805b |||||||| |||| 00| 0 eng d
020 ## - INTERNATIONAL STANDARD BOOK NUMBER
International Standard Book Number 9780736986137
100 ## - MAIN ENTRY--PERSONAL NAME
Personal name Shirley Raye Redmond (Author), Katya Longhi (Artist)
9 (RLIN) 86460
245 ## - TITLE STATEMENT
Title Lead the Way: 10 Inspiring Women of God
260 ## - PUBLICATION, DISTRIBUTION, ETC. (IMPRINT)
Place of publication, distribution, etc Oregon
Name of publisher, distributor, etc Harvest Kids
Date of publication, distribution, etc 2023
300 ## - PHYSICAL DESCRIPTION
Extent 20 pages
Other physical details col. ill.
Dimensions 6.93 x 0.63 x 6.93 inches
942 ## - ADDED ENTRY ELEMENTS (KOHA)
Source of classification or shelving scheme
Holdings
Withdrawn status Lost status Source of classification or shelving scheme Damaged status Not for loan Collection code Home library Current library Date acquired Total Checkouts Full call number Barcode Date last seen Date checked out Price effective from Koha item type
          Non-Fiction Asian Hope Siem Reap Asian Hope Siem Reap 08/05/2025 1 NFIC SHI 209099 04/23/2026 04/09/2026 08/05/2025 Book

For any Logos Library related questions please contact Miss Art at swongnarasuk@asianhope.org.

For any Asian Hope Library related questions please contact Miss Raza at graza@asianhope.org.

Click here to explore our ebooks!

Powered by Koha